|
|
|
|
| LEADER |
00834nam#a2200265#a#4500 |
| 001 |
013870 |
| 003 |
AR-BeUNQ |
| 005 |
20190506115919.0 |
| 008 |
000110s1975####xxu#################eng#d |
| 999 |
|
|
|c 102
|d 75489
|
| 020 |
|
|
|a 0486231372
|
| 040 |
|
|
|a AR-beUNQ
|e aacr
|
| 099 |
|
|
|a 36-M27
|
| 100 |
1 |
|
|a Mendelssohn, Felix
|
| 245 |
0 |
0 |
|a Complete works for pianoforte solo : from the Breitkopf and Hartel complete works edition
|c Felix Mendelssohn. ; Julius Rietz.
|
| 260 |
|
|
|a New York :
|b Dover,
|c 1975
|
| 650 |
|
7 |
|a MUSICA
|2 Spines
|
| 650 |
|
7 |
|a Música clásica
|2 unescot
|
| 653 |
|
|
|a PARTITURAS
|
| 653 |
|
|
|a PIANOLA
|
| 653 |
|
|
|a PIANO
|
| 700 |
1 |
|
|a Rietz, Julius
|e ed
|4 edt
|
| 929 |
|
|
|a COMPRA
|b E.L.Sohns
|c Exp. 827-0080/99
|d 20,00
|e 19990827
|j 26881
|
| 929 |
|
|
|a COMPRA
|b E.L.Sohns
|c Exp. 827-0080/99
|d 20,00
|e 19990827
|j 26882
|
| 942 |
|
|
|c PAR
|n 0
|